Flags of British Countries and Territories - Statistics

General Stats
  • This quiz has been taken 24 times
  • The average score is 13 of 20
Answer Stats
Picture Answer % Correct
England
100%
Scotland
100%
Wales
96%
Isle of Man
91%
Northern Ireland
87%
Gibraltar
78%
Jersey
74%
Bermuda
65%
Guernsey
65%
British Indian Ocean Territory
61%
Falkland Islands
61%
Anguilla
57%
Turks and Caicos
57%
British Antarctic Territory
52%
British Virgin Islands
52%
Cayman Islands
52%
Saint Helena
52%
Montserrat
48%
Pitcairn Islands
43%
South Georgia and the South Sandwich Islands
30%
No matching quizzes found
Score Distribution
Percent of People with Each Score
Percentile by Number Answered
Your Score History
You have not taken this quiz